| 000 | 00761nam a2200133Ia 4500 | ||
|---|---|---|---|
| 008 | 220216s9999 xx 000 0 und d | ||
| 100 | _aKekwick R G O | ||
| 245 | 0 | _aProteins eluted from natural rubber crumb | |
| 260 |
_bJournal of Natural Rubber Research _c1997 |
||
| 300 | _a232-236 | ||
| 520 | _aThe protein eluted from vulcanised natural and styrene butadiene rubber crumb samples has been subjected to total amino acid analysis and the total protein estimated. An antiserum raised to the NR crumb eluate reacted with the homologous immunogen and with polypeptides of the C-serum of fresh Hevea latex. The allergenicity of the natural crumb eluate has been compared to that of hevein in skin prick testing. | ||
| 650 | _aNatural rubber crumb | ||
| 942 | _cJS | ||
| 999 |
_c66061 _d66061 |
||